Diccionario de agricultura: sistemático y alfabético: alemán - inglés - francés - español - italiano - ruso
Saved in:
| Main Authors: | , |
|---|---|
| Format: | Bog |
| Sprog: | tysk engelsk fransk spansk italiensk russisk |
| Udgivet: |
Madrid
Mundi-Prensa
1987
|
| Udgivelse: | 5a. ed |
| Fag: | |
| Tags: |
Tilføj Tag
Ingen Tags, Vær først til at tagge denne postø!
|
MARC
| LEADER | 00000nam a2200000 a 4500 | ||
|---|---|---|---|
| 001 | UCM7895 | ||
| 003 | CL-VaPUC | ||
| 008 | 030110e19870000SP |||||||||||||||||ger|d | ||
| 041 | 0 | 7 | |a ger |2 CL-VaPUC |
| 041 | 0 | 7 | |a eng |2 CL-VaPUC |
| 041 | 0 | 7 | |a fre |2 CL-VaPUC |
| 041 | 0 | 7 | |a spa |2 CL-VaPUC |
| 041 | 0 | 7 | |a ita |2 CL-VaPUC |
| 041 | 0 | 7 | |a rus |2 CL-VaPUC |
| 082 | 0 | 4 | |a 630.3 |b HAE |2 21 |
| 100 | |a Haensch, Günther |e author |9 615037 | ||
| 700 | 0 | |a Haberkamp de Antón, Gisela |e author |9 473662 | |
| 245 | 1 | 0 | |a Diccionario de agricultura: sistemático y alfabético: alemán - inglés - francés - español - italiano - ruso |
| 246 | 1 | 0 | |a Wörterbuch der landwirtschaft: systematisch und alphabetich: deutsch - english - französisch - spanisch - italienisch - russisch |
| 246 | 1 | 0 | |a Dictionary of agriculture: systematical and alphabetical: german - english - french - spanish - italian - russian |
| 246 | 1 | 0 | |a Dictionnaire agricole: systématique et alphabétique: allemand - anglais - français - espagnol - italien - russe |
| 246 | 1 | 0 | |a Dizionario di agricoltura: sistematico e alfabetico: tedesco - inglese - francese - spagnolo - italiano - russo |
| 250 | |a 5a. ed | ||
| 300 | |a 1264 p | ||
| 942 | |c BK | ||
| 945 | |d 20030110 00:00:00 |a lriquelm | ||
| 260 | |a Madrid |b Mundi-Prensa |c 1987 | ||
| 650 | 0 | |a Agricultura |9 255598 | |
| 650 | 7 | |a DICCIONARIOS POLIGLOTAS |2 CL-VaPUC |9 260792 | |
| 583 | |a last modification |c 20180514 10:21:52 |k Rodrigo Vera | ||
| 999 | |c 302543 |d 302541 | ||